| 000 | 00484nam a22001577a 4500 | ||
|---|---|---|---|
| 020 | _a9789339217624 | ||
| 040 | _cNUST | ||
| 082 | _a620.112 BEE | ||
| 100 | _aBeer, Ferdinand P. | ||
| 110 |
_aJohnston, E. Russell. DeWolf , John T. Mazurek, David F. Sanghi, Sanjeev _9112485 |
||
| 245 | _aMechanics of Materials | ||
| 250 | _a7th Edition | ||
| 260 |
_aNew Dehli: _bMcGraw Hill Education, _c2017. |
||
| 650 |
_aTEXTBOOKS-MTS.MECHANICS OF MATERIALS _9112945 |
||
| 942 |
_2ddc _cTEXT |
||
| 999 |
_c594826 _d594826 |
||